Η σύγχρονη ευρωπαϊκή πόλη
Αποθηκεύτηκε σε:
| Άλλοι συγγραφείς: | , , , , , |
|---|---|
| Μορφή: | Βιβλίο |
| Γλώσσα: | Greek French |
| Δημοσίευση: |
Αθήνα :
Πλέθρον,
2007.
|
| Σειρά: | Κοινωνικές επιστήμες. Αστική ιστορία
|
| Θέματα: | |
| Ετικέτες: |
Προσθήκη ετικέτας
Δεν υπάρχουν, Καταχωρήστε ετικέτα πρώτοι!
|
MARC
| LEADER | 00000cam a2200000 i 4500 | ||
|---|---|---|---|
| 001 | 1/8689 | ||
| 008 | 100625s2007####gr ||| | gre|| | ||
| 020 | |a 9789603481669 |q (set) | ||
| 020 | |a 9789603481676 |q (τ. 1) | ||
| 020 | |a 9789603481683 |q (τ. 2) | ||
| 035 | |l 10108353 | ||
| 040 | |a GR-MyUa |b gre |e AACR2 | ||
| 041 | 1 | |a gre |h fre | |
| 082 | 7 | |a 307.76094 |2 (22) | |
| 245 | 0 | 2 | |a Η σύγχρονη ευρωπαϊκή πόλη / |c [υπό την κατεύθυνση] Jean-Luc Pinol, Francois Walter, Guy Burgel ; μετάφραση: Μαρία Κουμπούρα, Μαρία Παπαηλιάδη ; επίμετρο: Παύλος Λέφας. |
| 260 | |a Αθήνα : |b Πλέθρον, |c 2007. | ||
| 300 | |a 2 τ. : |b πίν., χάρτες ; |c 24 εκ. | ||
| 490 | 1 | |a (Κοινωνικές επιστήμες. Αστική ιστορία) | |
| 500 | |a Τίτλος πρωτοτύπου: Guy Burgel, "La ville contemporaine: de la seconde mondiale a nous jours", στο Jean-Luc Pinol (ed.), "Histoire de l'Europe urbaine, τομ.II: De l'ancien regime a mos nos jours, editions du Seuil, 2003. | ||
| 504 | |a Περιέχει βιβλιογραφικές παραπομπές. | ||
| 505 | 8 | |a Τ. 1. Έως τον Β' Παγκόσμιο Πόλεμο -- τ. 2. Από τον Β' Παγκόσμιο Πόλεμο έως σήμερα. | |
| 650 | 0 | |a Cities and towns |z Europe |x History. | |
| 650 | 0 | |a Urbanization |z Europe |x History. | |
| 700 | 1 | |a Pinol, Jean-Luc. | |
| 700 | 1 | |a Walter, Francois. | |
| 700 | 1 | |a Κουμπούρα, Μαρία, |e trlf | |
| 700 | 1 | |a Παπαηλιάδη, Μαρία, |e trlf | |
| 700 | 1 | |a Λέφας, Παύλος. | |
| 700 | 1 | |a Burgel, Guy. | |
| 830 | 0 | |a Κοινωνικές επιστήμες. Αστική ιστορία | |
| 852 | |a INST |b LESVOS |e 20100625 |h 307.76094 ΣΥΓ |p 005100048046 |q 005100048046 |t BK |y 0 |z τ.1 | ||
| 852 | |a INST |b LESVOS |e 20100625 |h 307.76094 ΣΥΓ |p 005100048047 |q 005100048047 |t BK |y 0 |z τ.2 | ||
| 852 | |a INST |b LESVOS |e 20110727 |h 307.76094 ΣΥΓ |p 005100050094 |q 005100050094 |t BK |y 0 |z τ.2 | ||
| 852 | |a INST |b LESVOS |e 20141009 |h 307.76094 ΣΥΓ |p 005100055838 |q 005100055838 |t BK |y 0 |z τ.1 | ||
| 852 | |a INST |b LESVOS |e 20100625 |h 307.76094 ΣΥΓ |p 005100048046 |q 005100048046 |t BK |v τ.1: |y 0 |z τ.1 | ||
| 852 | |a INST |b LESVOS |e 20100625 |h 307.76094 ΣΥΓ |p 005100048047 |q 005100048047 |t BK |v τ.2: |y 0 |z τ.2 | ||
| 852 | |a INST |b LESVOS |e 20110727 |h 307.76094 ΣΥΓ |p 005100050094 |q 005100050094 |t BK |v τ.2: |y 0 |z τ.2 | ||
| 852 | |a INST |b LESVOS |e 20141009 |h 307.76094 ΣΥΓ |p 005100055838 |q 005100055838 |t BK |v τ.1: |y 0 |z τ.1 | ||
| 852 | |a INST |b LESVOS |e 20161017 |h 307.76094 ΣΥΓ |p 005100058282 |q 005100058282 |t BK |v τ.2: |y 0 | ||
| 852 | |a INST |b LESVOS |c EUDOXUS |e 20141209 |h 307.76094 ΣΥΓ |p 005100055683 |q 005100055683 |t EDX |y 0 |z τ.2 | ||
| 852 | |a INST |b LESVOS |c EUDOXUS |e 20141209 |h 307.76094 ΣΥΓ |p 005100055683 |q 005100055683 |t EDX |v τ.2: |y 0 |z τ.2 | ||
| 852 | |a INST |b LESVOS |c EUDOXUS |e 20160518 |h 307.76094 ΣΥΓ |p 005100057624 |q 005100057624 |t EDX |v τ.1: |y 0 | ||
| 852 | |a INST |b LESVOS |c EUDOXUS |e 20160518 |h 307.76094 ΣΥΓ |p 005100057625 |q 005100057625 |t EDX |v τ.1: |y 0 | ||
| 852 | |a INST |b LESVOS |c EUDOXUS |e 20151201 |h 307.76094 ΣΥΓ |p 005100057869 |q 005100057869 |t EDX |v τ.2: |y 0 | ||
| 852 | |a INST |b LESVOS |c EUDOXUS |e 20170208 |h 307.76094 ΣΥΓ |p 005100058731 |q 005100058731 |t EDX |v τ.2: |y 0 | ||
| 853 | |a INST |b LESVOS |h 307.76094 ΣΥΓ | ||
| 853 | |a INST |b LESVOS |c EUDOXUS |h 307.76094 ΣΥΓ | ||
| 901 | |a BIBL1-2010-2 | ||
| 901 | |a BIBL1-2011-2 | ||
| 901 | |a BIBL1-2014-3 | ||
| 920 | |a Εύδοξος |b Παραγγελία |y Λέσβος-ΤΓ |z 2016-04 | ||
| 920 | |a Εύδοξος |b Επιστροφή |y Λέσβος |z 2015-10 | ||
| 920 | |a Εύδοξος |b Παραγγελία |y Λέσβος-ΤΓ |z 2014-11 | ||
| 920 | |a Εύδοξος |b Παραγγελία |y Λέσβος-ΤΓ |z 2016-12 | ||
| 970 | |a ΚΑΡΑ |b ΓΙΑΣΕΜΗ |z 2010/06/25 | ||